Civil services examination reforms: a comparative study of India and U.K. (Record no. 502406)

000 -LEADER
fixed length control field 00570cam a22001457a 4500
008 - FIXED-LENGTH DATA ELEMENTS--GENERAL INFORMATION
fixed length control field 180718b2011 xxu||||| |||| 00| 0 eng d
082 ## - DEWEY DECIMAL CLASSIFICATION NUMBER
Classification number APPPA 2010-11/BIR
100 ## - MAIN ENTRY--PERSONAL NAME
Personal name Biresh Kumar
245 ## - TITLE STATEMENT
Title Civil services examination reforms: a comparative study of India and U.K.
Statement of responsibility, etc. by Biresh Kumar
260 ## - PUBLICATION, DISTRIBUTION, ETC.
Place of publication, distribution, etc. New Delhi
Name of publisher, distributor, etc. Indian Institute of public Administration
Date of publication, distribution, etc. 2011
300 ## - PHYSICAL DESCRIPTION
Extent 113p.
500 ## - GENERAL NOTE
General note An APPPA M.Phil dissertation, 2010-11 (Guide: Dr. Rakesh Hooja)
650 ## - SUBJECT ADDED ENTRY--TOPICAL TERM
Topical term or geographic name entry element Civil service --India --Examinations
650 ## - SUBJECT ADDED ENTRY--TOPICAL TERM
Topical term or geographic name entry element India --Officials and employees --Recruiting
Holdings
Withdrawn status Lost status Damaged status Not for loan Permanent Location Current Location Date acquired Full call number Barcode Date last seen Price effective from Koha item type
        Indian Institute of Public Administration Indian Institute of Public Administration 2018-08-04 APPPA 2010-11/BIR GR18624 2018-08-04 2018-08-04 GR

Powered by Koha